Κατάλογος Βιβλιοθηκών Mediterranean College

Ψυχαναλυτική Βιβλιοθήκη για το Παιδί και τον Έφηβο (Record no. 5793)

MARC details
000 -LEADER
fixed length control field 01977cam a22002174a 4500
005 - ΗΜΕΡΟΜΗΝΙΑ ΚΑΙ ΩΡΑ ΤΕΛΕΥΤΑΙΑΣ ΕΝΗΜΕΡΩΣΗΣ
Πεδίο ελέγχου 20250605164222.0
008 - FIXED-LENGTH DATA ELEMENTS--GENERAL INFORMATION
Πεδίο ελέγχου σταθερού μήκους 250528s ||||||||||||||||||||||||d
035 ## - SYSTEM CONTROL NUMBER
System control number 20708
020 ## - ISBN
ISBN 9600313717
040 ## - ΠΗΓΗ ΚΑΤΑΛΟΓΟΓΡΑΦΗΣΗΣ
Φορέας πρωτότυπης καταλογογράφησης MC Athens Campus Library
Γλώσσα καταλογογράφησης Ελληνικά, Μοντέρνα (1453-)
Modifying agency MC Athens Campus Library
Κανόνες περιγραφικής καταλογογράφησης AACR2
245 1# - ΤΙΤΛΟΣ ΚΑΙ ΔΗΛΩΣΗ ΥΠΕΥΘΥΝΟΤΗΤΑΣ
Τίτλος Ψυχαναλυτική Βιβλιοθήκη για το Παιδί και τον Έφηβο
260 ## - PUBLICATION, DISTRIBUTION, ETC.
Name of publisher, distributor, etc. Καστανιώτη,
Date of publication, distribution, etc. 1995
300 ## - PHYSICAL DESCRIPTION
Extent 232
520 ## - SUMMARY, ETC.
Summary, etc. Προσωπικότητα ισχυρή και αμφιλεγόμενη επηρέασε αναμφισβήτητα την πορεία της ψυχανάλυσης με τις ιδέες της, που, βρίσκοντας γόνιμο έδαφος σε συνομήλικους ή νεότερους συναδέλφους της, δημιούργησαν μια ξεχωριστή κατεύθυνση στην ψυχαναλυτική σκέψη, που ονομάστηκε Κλινική. Πρόλογος, Εισαγωγή, Τα Πρώτα Χρόνια, Η Τεχνική του Παιχνιδιού, Ψυχανάλυση Παιδιών, Νέες Ιδέες 1919-34, Η Βρετανική Ψυχαναλυτική Εταιρεία, Η Καταθλιπτική Θέση, Οι ''Επίμαχες Συζητήσεις'', Η Παρανοειδής - Σχιζοειδής Θέση, Νέο Φως στη Δομική Θεωρία του Ψυχισμού και του Άγχους και της Ενοχής, Φθόνος και Ευγνωμοσύνη, Τα Τελευταία Χρόνια, Melanie Klein και η Προσωπικότητα και το Έργο της, Παραπομπές, Βιβλιογραφία, Πλήρης Κατάλογος των Γραπτών της Melanie Klein, Βιβλιογραφία της Hanna Segal.
700 1# - ΠΡΟΣΘΕΤΗ ΑΝΑΓΡΑΦΗ--ΦΥΣΙΚΟ ΠΡΟΣΩΠΟ
Personal name Αναστασόπουλος Δ
9 (RLIN) 6670
700 1# - ΠΡΟΣΘΕΤΗ ΑΝΑΓΡΑΦΗ--ΦΥΣΙΚΟ ΠΡΟΣΩΠΟ
Personal name Κλάιν Μέλανι
9 (RLIN) 6671
700 1# - ΠΡΟΣΘΕΤΗ ΑΝΑΓΡΑΦΗ--ΦΥΣΙΚΟ ΠΡΟΣΩΠΟ
Personal name Τσιαντής Γ
9 (RLIN) 6672
942 ## - ADDED ENTRY ELEMENTS (KOHA)
Koha item type Books
Holdings
Τύπος τεκμηρίου Βιβλιοθήκη Τρέχουσα τοποθεσία Barcode Αριθμός εισαγωγής Ημερομηνία απόκτησης Ταξιθετικό σύμβολο Αριθμός αντιτύπου Κατάσταση απόσυρσης Κατάσταση χαμένου Κατάσταση κατεστραμμένου Μη δανεισμός Σύνολο δανεισμών Ημερομηνία τελευταίας εμφάνισης Η τιμή ισχύει από
Books MC Athens Campus Library MC Athens Campus Library 9780000057921 7339 05/06/2025 618.928914 KLE 1           05/06/2025 05/06/2025

MC Athens Campus Library
Πατησίων 94 & Κοδριγκτώνος 13, 104 34
Πελλήνης 8 & Πατησίων 107, 112 51
Τ: +30 210 8899600

MC Thessaloniki Campus Library
Ίωνος Δραγούμη 21, 54625 | Ίωνος Δραγούμη 15, 54625
Τ: +30 2310 287779 – Τ: +30 2314 440300